| 000 | 00971nam a2200253 a 4500 | ||
|---|---|---|---|
| 001 | 000023854 | ||
| 005 | 20200930022522.0 | ||
| 008 | 110114s1970 mx a 000 0 spa d | ||
| 040 |
_aDO-SdBNP _bspa _cBNPHU |
||
| 041 | 1 | 7 |
_aspa _heng _2Código de idiomas MARC |
| 082 |
_a338.91 _bH383s |
||
| 100 | 1 |
_aHaveman, Robert. _949068 |
|
| 240 | 1 | 4 |
_aThe economics of the public sector. _lEspañol |
| 245 | 1 | 3 |
_aEl sector público / _cRobert Haveman ; traducción Alicia Calabuig. |
| 260 |
_aMéxico : _bCentro Regional de Ayuda Técnica. Agencia para el Desarrollo Internacional ;, _c1970. |
||
| 300 |
_a264 p. : _bil. ; _c19 cm. |
||
| 490 | 1 | _aBiblioteca de economía política | |
| 534 |
_a[Título en inglés] : _tThe economics of the public sector |
||
| 650 | 4 |
_aSector público _949069 |
|
| 650 | 4 |
_aPolítica de gastos público _zEstados Unidos _949070 |
|
| 700 | 1 |
_aCalabuig, Alicia, _etr. _949071 |
|
| 830 | 0 |
_aBiblioteca de economía política _949072 |
|
| 049 | _aBNGR | ||
| 999 |
_c23350 _d23350 |
||